| 000 | 01043cam a2200217 4500 | ||
|---|---|---|---|
| 001 | RV123625 | ||
| 008 | 030916n2002 000 0 eng u | ||
| 035 | _a(Sirsi) u123625 | ||
| 245 | _aResidential property market reports review (R734) | ||
| 260 | _c2002 | ||
| 490 |
_aRICS Abstracts and Reviews _v38(8) August 2002, 22-23(2) |
||
| 520 | _aIdentifies firms of chartered surveyors and property companies who publish research relating to the residential property market. List reports available freely on the internet. In some cases it is necessary to register before reports can be viewed or downloaded. See "Key housing market information sources" R726 September 2001 for information on house price sources. Available from the RICS Library, price £4.00. | ||
| 650 | _aREADING LISTS | ||
| 650 |
_aRESIDENTIAL PROPERTY _96266 |
||
| 650 | _aRICS REVIEWS | ||
| 650 | _aPROPERTY REPORTS | ||
| 650 | _aMARKET REPORTS | ||
| 650 | _aRICS HOT TOPICS | ||
| 690 | _aPROPERTY-RESIDENTIAL PROPERTY-RESIDENTIAL PROPERTY MARKET | ||
| 942 | _n0 | ||
| 999 |
_c103073 _d103073 |
||